000
00232 a2200097 4500
001
35109
100
_a
Cunningham Sir
245
_a
The ancient geography of Kashmir
260
_a
Pakistan
_b
Pak Kashmir Pub
_c
090
_c
23253
_d
23253
942
_a
NUST-CAE
_c
M
_c
14729
999
_c
270182
_d
270182